[Event "RC-2012-0-00111"]
[Site "LSS email"]
[Date "2012.12.21"]
[Round "?"]
[White "Ballero, Andrea"]
[Black "Luers, Charles J"]
[Result "0-1"]
[WhiteElo "1529"]
[BlackElo "1770"]
[PlyCount "34"]
[EventDate "2012.11.09"]
[EventType "tourn (corr)"]
[EventRounds "6"]
[EventCountry "GER"]
[SourceTitle "Corr 2015"]
[Source "ChessBase"]
[SourceDate "2015.07.17"]
[SourceVersion "1"]
[SourceVersionDate "2015.07.17"]
[SourceQuality "1"]

1. e4 e5 2. Nf3 Nc6 3. Bb5 Nf6 4. d3 Bc5 5. 0-0 d6 6. c3 0-0 7. Nbd2 Bb6 8. Nc4 Ne7 9. h3 Ng6 10. Ba4 Be6 11. Bb3 h6 12. a4 c6 13. Nxb6 Bxb3 14. Qxb3 Qxb6 15. Qxb6 axb6 16. Be3 c5 17. c4 Kh7 0-1

[Event "RC-2012-0-00111"]
[Site "LSS email"]
[Date "2012.12.21"]
[Round "?"]
[White "Bokros, Janos"]
[Black "Ballero, Andrea"]
[Result "1-0"]
[WhiteElo "1670"]
[BlackElo "1529"]
[PlyCount "31"]
[EventDate "2012.11.09"]
[EventType "tourn (corr)"]
[EventRounds "6"]
[EventCountry "GER"]
[SourceTitle "Corr 2015"]
[Source "ChessBase"]
[SourceDate "2015.07.17"]
[SourceVersion "1"]
[SourceVersionDate "2015.07.17"]
[SourceQuality "1"]

1. e4 e5 2. Nf3 Nc6 3. d4 exd4 4. Nxd4 Nf6 5. Nxc6 bxc6 6. Bd3 d5 7. Nc3 Bd6 8. exd5 cxd5 9. Qe2+ Be7 10. 0-0 c6 11. Bf4 0-0 12. Rfe1 Re8 13. h3 Be6 14. Qf3 Nd7 15. a3 Nc5 16. Ne2 1-0

[Event "RC-2012-0-00111"]
[Site "LSS email"]
[Date "2012.12.21"]
[Round "?"]
[White "Ress, Jacques"]
[Black "Ballero, Andrea"]
[Result "1-0"]
[WhiteElo "1978"]
[BlackElo "1529"]
[PlyCount "51"]
[EventDate "2012.11.09"]
[EventType "tourn (corr)"]
[EventRounds "6"]
[EventCountry "GER"]
[SourceTitle "Telechess CBM 159"]
[Source "ChessBase"]
[SourceDate "2014.03.17"]
[SourceVersion "1"]
[SourceVersionDate "2014.03.17"]
[SourceQuality "1"]

1. d4 d5 2. c4 c6 3. Nf3 Nf6 4. Nc3 e6 5. Bg5 h6 6. Bh4 dxc4 7. e4 g5 8. Bg3 b5 9. Be2 Bb7 10. h4 g4 11. Ne5 h5 12. 0-0 Nbd7 13. Qc2 Nxe5 14. Bxe5 Bg7 15. b3 cxb3 16. axb3 0-0 17. Bg3 Qxd4 18. Rad1 Qb4 19. e5 Nd5 20. Ne4 Rfd8 21. Ng5 Nc3 22. Qh7+ Kf8 23. Rde1 c5 24. Bc4 bxc4 25. Qxh5 Rd7 26. Nh7+ 1-0

[Event "RC-2012-0-00111"]
[Site "LSS email"]
[Date "2012.12.21"]
[Round "?"]
[White "Willmann, Bernd"]
[Black "Ballero, Andrea"]
[Result "1-0"]
[WhiteElo "1843"]
[BlackElo "1529"]
[PlyCount "55"]
[EventDate "2012.11.09"]
[EventType "tourn (corr)"]
[EventRounds "6"]
[EventCountry "GER"]
[SourceTitle "Telechess CBM 159"]
[Source "ChessBase"]
[SourceDate "2014.03.17"]
[SourceVersion "1"]
[SourceVersionDate "2014.03.17"]
[SourceQuality "1"]

1. e4 e5 2. Nf3 Nc6 3. Bb5 a6 4. Ba4 Nf6 5. 0-0 Be7 6. Nc3 b5 7. Bb3 d6 8. d3 Na5 9. Bd2 c6 10. h3 0-0 11. Ne2 c5 12. Bxa5 Qxa5 13. a4 b4 14. Ng3 Qc7 15. Re1 Be6 16. Nd2 Rad8 17. Bc4 a5 18. Qe2 d5 19. exd5 Nxd5 20. Qxe5 Qxe5 21. Rxe5 Bf6 22. Rxe6 fxe6 23. Rb1 Rf7 24. Nge4 Rc7 25. Nb3 Be7 26. g3 Kf7 27. Bb5 Ra8 28. Kg2 1-0

[Event "ZI-2012-0-01423"]
[Site "LSS email"]
[Date "2012.11.20"]
[Round "?"]
[White "Ballero, Andrea"]
[Black "Hatsek, Werner"]
[Result "0-1"]
[WhiteElo "1529"]
[BlackElo "1946"]
[PlyCount "80"]
[EventDate "2012.11.15"]
[EventType "match (corr)"]
[EventRounds "2"]
[EventCountry "GER"]
[SourceTitle "Telechess CBM 159"]
[Source "ChessBase"]
[SourceDate "2014.03.17"]
[SourceVersion "1"]
[SourceVersionDate "2014.03.17"]
[SourceQuality "1"]

1. e4 c6 2. d4 d5 3. Nc3 dxe4 4. Nxe4 Bf5 5. Ng3 Bg6 6. N1e2 Nf6 7. Nf4 Nbd7 8. Bc4 Qc7 9. 0-0 e6 10. Bxe6 fxe6 11. Nxe6 Qd6 12. Re1 Kf7 13. c3 Nb6 14. f4 Kg8 15. f5 Bf7 16. Bg5 Be7 17. Bxf6 Bxf6 18. Qf3 h5 19. Ne4 Qe7 20. N4c5 Bxe6 21. Rxe6 Qf7 22. Rae1 Rf8 23. Qe2 Rh6 24. Re8 Bg5 25. Rxf8+ Qxf8 26. Qf2 Qc8 27. Ne6 Bd8 28. Qg3 Bf6 29. h4 Nd7 30. Qf4 Nf8 31. Nc5 b6 32. Ne4 Qd8 33. g3 Be7 34. Kg2 Qd5 35. b3 Nh7 36. Qf3 Bf8 37. Ng5 Nxg5 38. hxg5 Rd6 39. Re5 Qxf3+ 40. Kxf3 b5 0-1

[Event "RC-2012-0-00108"]
[Site "LSS email"]
[Date "2012.11.18"]
[Round "?"]
[White "Correa de Almeida, Claudio"]
[Black "Ballero, Andrea"]
[Result "1-0"]
[WhiteElo "1688"]
[BlackElo "1526"]
[PlyCount "67"]
[EventDate "2012.09.27"]
[EventType "tourn (corr)"]
[EventRounds "6"]
[EventCountry "GER"]
[SourceTitle "Telechess CBM 163"]
[Source "ChessBase"]
[SourceDate "2014.11.11"]
[SourceVersion "2"]
[SourceVersionDate "2014.11.11"]
[SourceQuality "1"]

1. d4 d5 2. c4 c6 3. Nf3 Nf6 4. Nc3 e6 5. e3 Nbd7 6. Qc2 Bd6 7. g4 h6 8. Rg1 e5 9. cxd5 cxd5 10. Nb5 Bb8 11. g5 hxg5 12. Nxg5 0-0 13. Bd2 a6 14. Nc3 Qc7 15. Qf5 Qd6 16. Nf3 exd4 17. Nxd4 Nc5 18. Qg5 g6 19. f3 Qxh2 20. Rg2 Qe5 21. Qh6 Ne6 22. 0-0-0 Nxd4 23. exd4 Qh5 24. Qxh5 Nxh5 25. Nxd5 Bd6 26. Bd3 Be6 27. Rg5 Kg7 28. Kb1 Bxd5 29. Rxd5 Rad8 30. Rh1 Bf4 31. Rxd8 Rxd8 32. Ba5 Rd7 33. Bc3 Nf6 34. Kc2 1-0

[Event "ZI-2012-0-01420"]
[Site "LSS email"]
[Date "2012.11.17"]
[Round "?"]
[White "Ballero, Andrea"]
[Black "Ustimenko, Aleksandr"]
[Result "1/2-1/2"]
[WhiteElo "1526"]
[BlackElo "1877"]
[PlyCount "49"]
[EventDate "2012.11.13"]
[EventType "match (corr)"]
[EventRounds "2"]
[EventCountry "GER"]
[SourceTitle "Telechess CBM 165"]
[Source "ChessBase"]
[SourceDate "2015.03.11"]
[SourceVersion "1"]
[SourceVersionDate "2015.03.11"]
[SourceQuality "1"]

1. e4 c5 2. Nf3 d6 3. d4 cxd4 4. Nxd4 Nf6 5. Nc3 a6 6. f3 e5 7. Nb3 Be6 8. Be3 Be7 9. Qd2 Nbd7 10. 0-0-0 b5 11. g4 0-0 12. g5 Nh5 13. Nd5 Bxd5 14. exd5 f6 15. h4 fxg5 16. hxg5 Rxf3 17. Rxh5 Rxe3 18. Qxe3 g6 19. Nd4 exd4 20. Qe6+ Kg7 21. Rh1 Bxg5+ 22. Kb1 Qe7 23. Rxd4 Nc5 24. Qxe7+ Bxe7 25. Rg4 1/2-1/2

[Event "OP-2012-0-02491"]
[Site "LSS email"]
[Date "2012.11.11"]
[Round "?"]
[White "Pilgram, Kurt"]
[Black "Ballero, Andrea"]
[Result "1/2-1/2"]
[WhiteElo "1816"]
[BlackElo "1536"]
[PlyCount "45"]
[EventDate "2012.11.07"]
[EventType "tourn (corr)"]
[EventRounds "4"]
[EventCountry "GER"]
[SourceTitle "Telechess CBM 161"]
[Source "ChessBase"]
[SourceDate "2014.07.16"]
[SourceVersion "1"]
[SourceVersionDate "2014.07.16"]
[SourceQuality "1"]

1. d4 d5 2. c4 c6 3. cxd5 cxd5 4. Nc3 Nc6 5. Bf4 Nf6 6. e3 Qb6 7. Bd3 Bg4 8. Nge2 Bxe2 9. Qxe2 e6 10. 0-0 Qd8 11. a3 Bd6 12. Qf3 Bxf4 13. Qxf4 0-0 14. b4 Rc8 15. Rfc1 Qe7 16. Qh4 h6 17. f4 Ne8 18. Qxe7 Nxe7 19. Nb5 a6 20. Nc3 Nd6 21. Na4 Rxc1+ 22. Rxc1 Rc8 23. Rxc8+ 1/2-1/2

[Event "RC-2012-0-00107"]
[Site "LSS email"]
[Date "2012.11.10"]
[Round "?"]
[White "Ballero, Andrea"]
[Black "Soreghy, Janos"]
[Result "0-1"]
[WhiteElo "1529"]
[BlackElo "1761"]
[PlyCount "80"]
[EventDate "2012.09.18"]
[EventType "tourn (corr)"]
[EventRounds "6"]
[EventCountry "GER"]
[SourceTitle "Telechess CBM 159"]
[Source "ChessBase"]
[SourceDate "2014.03.17"]
[SourceVersion "1"]
[SourceVersionDate "2014.03.17"]
[SourceQuality "1"]

1. e4 e5 2. Nf3 Nc6 3. Bb5 a6 4. Ba4 Nf6 5. 0-0 Be7 6. Re1 b5 7. Bb3 d6 8. c3 0-0 9. h3 Na5 10. Bc2 c5 11. d4 Qc7 12. Nbd2 cxd4 13. cxd4 Nc6 14. Nb3 a5 15. Be3 a4 16. Nbd2 Bd7 17. Rc1 Qb7 18. Qe2 Rfc8 19. Bd3 a3 20. bxa3 Rxa3 21. Nb1 Ra5 22. Nc3 b4 23. Nd5 Bd8 24. dxe5 dxe5 25. Rc5 Rca8 26. Rxa5 Rxa5 27. Nxf6+ Bxf6 28. Bc4 Ra3 29. Bd5 Be6 30. Bxe6 fxe6 31. Qc4 Kf7 32. Rc1 Rc3 33. Rxc3 bxc3 34. Qxc3 Qb1+ 35. Kh2 Qxe4 36. Ng5+ Bxg5 37. Bxg5 h6 38. Be3 Kf6 39. a3 Kg6 40. f3 Qa4 0-1

[Event "OP-2012-0-02489"]
[Site "LSS email"]
[Date "2012.11.09"]
[Round "?"]
[White "Ballero, Andrea"]
[Black "Piacentile, Carmine"]
[Result "0-1"]
[WhiteElo "1529"]
[BlackElo "1590"]
[PlyCount "102"]
[EventDate "2012.11.06"]
[EventType "tourn (corr)"]
[EventRounds "4"]
[EventCountry "GER"]
[SourceTitle "Telechess CBM 159"]
[Source "ChessBase"]
[SourceDate "2014.03.17"]
[SourceVersion "1"]
[SourceVersionDate "2014.03.17"]
[SourceQuality "1"]

1. e4 e5 2. Nf3 Nc6 3. Bb5 Nf6 4. 0-0 Nxe4 5. Qe2 Ng5 6. Nxg5 Qxg5 7. d4 Qe7 8. dxe5 a6 9. Bc4 d6 10. Nc3 Qxe5 11. Qd1 Qd4 12. Qe2+ Be7 13. Be3 Qg4 14. f3 Qd7 15. Bf2 0-0 16. Nd5 Bd8 17. Rfe1 Ne5 18. Bb3 b5 19. c3 Bb7 20. Rad1 Kh8 21. Nb6 Nxf3+ 22. Qxf3 cxb6 23. Qg3 d5 24. Bd4 f6 25. Bc2 g6 26. Rd3 a5 27. Rde3 Qf7 28. Bd3 Ba6 29. Re6 b4 30. Bxa6 Rxa6 31. cxb4 axb4 32. Qd6 Ra7 33. Qxb4 Kg7 34. a4 Rb7 35. b3 Rg8 36. Qb5 Qd7 37. Rc6 Rf8 38. Ree6 Rf7 39. g4 h6 40. h3 Rc7 41. h4 Kh7 42. h5 gxh5 43. gxh5 Kg8 44. Kf2 Rf8 45. Rxc7 Qxc7 46. Qxd5 Kh8 47. Qf3 Qc2+ 48. Re2 Qc7 49. Be3 Be7 50. Bxh6 Rg8 51. Be3 Qh2+ 0-1

[Event "OP-2012-0-02480"]
[Site "LSS email"]
[Date "2012.11.03"]
[Round "?"]
[White "Haeusler, Werner"]
[Black "Ballero, Andrea"]
[Result "1-0"]
[WhiteElo "2413"]
[BlackElo "1529"]
[PlyCount "63"]
[EventDate "2012.11.01"]
[EventType "tourn (corr)"]
[EventRounds "4"]
[EventCountry "GER"]
[SourceTitle "Telechess CBM 159"]
[Source "ChessBase"]
[SourceDate "2014.03.17"]
[SourceVersion "1"]
[SourceVersionDate "2014.03.17"]
[SourceQuality "1"]

1. e4 e5 2. Nf3 Nc6 3. Bb5 Nf6 4. 0-0 Nxe4 5. d4 Nd6 6. Bxc6 dxc6 7. dxe5 Nf5 8. Qxd8+ Kxd8 9. Nc3 h6 10. Rd1+ Ke8 11. h3 Be6 12. g4 Ne7 13. Nd4 Bd7 14. Kh2 Rc8 15. f4 c5 16. Nf3 Bc6 17. Kg3 h5 18. Be3 hxg4 19. hxg4 b6 20. f5 Bxf3 21. Kxf3 Nc6 22. Ke4 Rh4 23. Kf4 g5+ 24. Kxg5 Rh3 25. Nd5 Nxe5 26. Kf4 Bg7 27. f6 Ng6+ 28. Ke4 Bf8 29. Bf4 Nxf4 30. Nxf4 Rg3 31. Rg1 Rxg1 32. Rxg1 1-0

[Event "RC-2012-0-00106"]
[Site "LSS email"]
[Date "2012.11.01"]
[Round "?"]
[White "Ballero, Andrea"]
[Black "Korinek, Jaroslav"]
[Result "1-0"]
[WhiteElo "1526"]
[BlackElo "1803"]
[PlyCount "83"]
[EventDate "2012.08.19"]
[EventType "tourn (corr)"]
[EventRounds "6"]
[EventCountry "GER"]
[SourceTitle "Telechess CBM 163"]
[Source "ChessBase"]
[SourceDate "2014.11.11"]
[SourceVersion "2"]
[SourceVersionDate "2014.11.11"]
[SourceQuality "1"]

1. e4 e5 2. Nf3 Nc6 3. Bb5 a6 4. Ba4 Nf6 5. 0-0 Be7 6. Re1 b5 7. Bb3 0-0 8. c3 Bb7 9. d4 d6 10. Nbd2 Qd7 11. Nf1 h6 12. Ng3 Rfe8 13. Bc2 exd4 14. cxd4 Bf8 15. a3 Ne7 16. b3 g6 17. Bb2 Bg7 18. Rc1 Rad8 19. Qd2 c5 20. d5 Nc8 21. h4 Ng4 22. Bxg7 Kxg7 23. h5 Qe7 24. hxg6 fxg6 25. Ne2 Rd7 26. Bd3 Qf6 27. Nf4 Ne5 28. Nxe5 dxe5 29. Ne6+ Rxe6 30. dxe6 Qxe6 31. Rxc5 Qxb3 32. Bc4 Rxd2 33. Bxb3 Nd6 34. Rc7+ Kf6 35. f3 g5 36. Rec1 g4 37. Rd7 gxf3 38. gxf3 Rd4 39. Bd5 Bxd5 40. Rxd6+ Be6 41. Rxa6 Rd7 42. Rcc6 1-0

[Event "ZI-2012-0-01407"]
[Site "LSS email"]
[Date "2012.10.29"]
[Round "?"]
[White "Ballero, Andrea"]
[Black "Madrid Sole, Antonio"]
[Result "1-0"]
[WhiteElo "1526"]
[BlackElo "1566"]
[PlyCount "49"]
[EventDate "2012.10.22"]
[EventType "match (corr)"]
[EventRounds "2"]
[EventCountry "GER"]
[SourceTitle "Telechess CBM 165"]
[Source "ChessBase"]
[SourceDate "2015.03.11"]
[SourceVersion "1"]
[SourceVersionDate "2015.03.11"]
[SourceQuality "1"]

1. e4 d5 2. exd5 Qxd5 3. Nc3 Qd6 4. d4 Nf6 5. Nf3 a6 6. Bd3 Bg4 7. h3 Bh5 8. 0-0 Nc6 9. Ne4 Nxe4 10. Bxe4 0-0-0 11. c3 e6 12. Re1 Be7 13. b4 f5 14. Bc2 Bf6 15. a4 Ne7 16. b5 Nd5 17. Qd3 Bxf3 18. Qxf3 Rhe8 19. bxa6 Qxa6 20. a5 c5 21. Ra4 g6 22. Ba3 cxd4 23. cxd4 e5 24. Bb3 e4 25. Qg3 1-0

[Event "OP-2012-0-02445"]
[Site "LSS email"]
[Date "2012.10.12"]
[Round "?"]
[White "Ballero, Andrea"]
[Black "Correa de Almeida, Claudio"]
[Result "0-1"]
[WhiteElo "1536"]
[BlackElo "1626"]
[PlyCount "88"]
[EventDate "2012.10.07"]
[EventType "tourn (corr)"]
[EventRounds "4"]
[EventCountry "GER"]
[SourceTitle "Telechess CBM 161"]
[Source "ChessBase"]
[SourceDate "2014.07.16"]
[SourceVersion "1"]
[SourceVersionDate "2014.07.16"]
[SourceQuality "1"]

1. e4 c5 2. Nf3 d6 3. c3 Nf6 4. h3 Nc6 5. Bd3 d5 6. e5 Nd7 7. Qe2 Qc7 8. Bb5 e6 9. 0-0 a6 10. Bxc6 Qxc6 11. d4 Be7 12. Bg5 Bxg5 13. Nxg5 h6 14. Nf3 0-0 15. a4 b6 16. b4 cxb4 17. cxb4 Bb7 18. Nbd2 Rfc8 19. Rfb1 Qc2 20. Ne1 Qc3 21. Ndf3 a5 22. b5 Rc7 23. Qd1 Rac8 24. Kh2 Nf8 25. Ng1 Rd7 26. Rc1 Qb4 27. Rxc8 Bxc8 28. Rc1 Bb7 29. Ne2 Ng6 30. Rc3 Qe7 31. Qc1 Qb4 32. Qc2 Qf8 33. Nd3 Rd8 34. Ndf4 Nxf4 35. Nxf4 Rc8 36. Rxc8 Qxc8 37. Qxc8+ Bxc8 38. g4 f6 39. exf6 gxf6 40. h4 Bd7 41. h5 Kf7 42. Kg3 Ke7 43. Nd3 Be8 44. f4 Kf8 0-1

[Event "OP-2012-0-02445"]
[Site "LSS email"]
[Date "2012.10.12"]
[Round "?"]
[White "Sirenko, Sergei"]
[Black "Ballero, Andrea"]
[Result "0-1"]
[WhiteElo "1029"]
[BlackElo "1536"]
[PlyCount "50"]
[EventDate "2012.10.07"]
[EventType "tourn (corr)"]
[EventRounds "4"]
[EventCountry "GER"]
[SourceTitle "Telechess CBM 161"]
[Source "ChessBase"]
[SourceDate "2014.07.16"]
[SourceVersion "1"]
[SourceVersionDate "2014.07.16"]
[SourceQuality "1"]

1. e4 c6 2. d4 d5 3. exd5 cxd5 4. c4 Nf6 5. Nc3 Nc6 6. Bf4 a6 7. Nf3 Bg4 8. Be2 dxc4 9. d5 Bxf3 10. Bxf3 Nb4 11. Qa4+ b5 12. Qd1 Nd3+ 13. Kf1 Nxf4 14. g3 Nd3 15. Kg2 Nxb2 16. Qe2 Nd3 17. Rad1 Rc8 18. Rxd3 cxd3 19. Qxd3 e6 20. Re1 Bb4 21. Rc1 Nxd5 22. Nxd5 Rxc1 23. Nxb4 Qxd3 24. Nxd3 Rc3 25. Nb4 Ra3 0-1

[Event "SD-2012-0-00149"]
[Site "LSS email"]
[Date "2012.10.08"]
[Round "?"]
[White "Salazar Moran, Alejandro Fortunato"]
[Black "Ballero, Andrea"]
[Result "0-1"]
[WhiteElo "1568"]
[BlackElo "1526"]
[PlyCount "76"]
[EventDate "2012.09.04"]
[EventType "tourn (corr)"]
[EventRounds "6"]
[EventCountry "GER"]
[SourceTitle "Telechess CBM 163"]
[Source "ChessBase"]
[SourceDate "2014.11.11"]
[SourceVersion "2"]
[SourceVersionDate "2014.11.11"]
[SourceQuality "1"]

1. e4 c6 2. d4 d5 3. Nc3 dxe4 4. Nxe4 Bf5 5. Ng3 Bg6 6. h4 h6 7. h5 Bh7 8. Nf3 Nd7 9. Bd3 Bxd3 10. Qxd3 e6 11. Bf4 Qa5+ 12. Bd2 Bb4 13. c3 Be7 14. c4 Qc7 15. 0-0-0 Ngf6 16. Kb1 0-0 17. Rhe1 a5 18. Bc3 Rfd8 19. Qc2 Bb4 20. Ne5 Nxe5 21. dxe5 Rxd1+ 22. Rxd1 Ng4 23. Bd4 c5 24. Qe2 cxd4 25. Qxg4 Qxe5 26. Qxd4 Qc7 27. Ne4 Rc8 28. f3 f5 29. a3 fxe4 30. axb4 exf3 31. gxf3 axb4 32. b3 Ra8 33. Rg1 Ra3 34. Qe3 e5 35. Qxh6 Rxb3+ 36. Ka2 Ra3+ 37. Kb2 Qd7 38. Qg5 Qd4+ 0-1

[Event "SC-2012-0-00158"]
[Site "LSS email"]
[Date "2012.10.01"]
[Round "?"]
[White "Ballero, Andrea"]
[Black "Mostowik, Daniel"]
[Result "1-0"]
[WhiteElo "1536"]
[BlackElo "1766"]
[PlyCount "63"]
[EventDate "2012.08.20"]
[EventType "tourn (corr)"]
[EventRounds "6"]
[EventCountry "GER"]
[SourceTitle "Telechess CBM 161"]
[Source "ChessBase"]
[SourceDate "2014.07.16"]
[SourceVersion "1"]
[SourceVersionDate "2014.07.16"]
[SourceQuality "1"]

1. e4 c5 2. Nf3 d6 3. c3 Nf6 4. h3 Nc6 5. Bd3 e6 6. Bc2 Bd7 7. 0-0 Qc7 8. a3 Be7 9. d4 cxd4 10. cxd4 Rc8 11. Nc3 a6 12. Re1 0-0 13. e5 Nd5 14. Nxd5 exd5 15. Bf4 Na5 16. Rc1 Qb6 17. Ng5 Bxg5 18. Bxg5 Rfe8 19. Qd3 g6 20. Bf6 dxe5 21. dxe5 Nc6 22. Qxd5 Qd4 23. Be4 Qxd5 24. Bxd5 Na5 25. b4 Nc6 26. Red1 Be6 27. Bxe6 Rxe6 28. f4 h5 29. Rd7 b5 30. g4 hxg4 31. hxg4 Ree8 32. Kg2 1-0

[Event "CP-2012-P-00032"]
[Site "LSS email"]
[Date "2012.10.01"]
[Round "?"]
[White "Ballero, Andrea"]
[Black "Tanti, Joseph G"]
[Result "1-0"]
[WhiteElo "1536"]
[BlackElo "1571"]
[PlyCount "53"]
[EventDate "2012.10.05"]
[EventType "tourn (corr)"]
[EventRounds "6"]
[EventCountry "GER"]
[SourceTitle "Telechess CBM 159"]
[Source "ChessBase"]
[SourceDate "2014.03.17"]
[SourceVersion "1"]
[SourceVersionDate "2014.03.17"]
[SourceQuality "1"]

1. e4 e5 2. Nf3 Nc6 3. Bb5 a6 4. Ba4 Nf6 5. 0-0 Be7 6. Re1 b5 7. Bb3 0-0 8. c3 d5 9. exd5 e4 10. dxc6 exf3 11. g3 Re8 12. d4 Bg4 13. Bf4 a5 14. a4 bxa4 15. Rxa4 Nd5 16. Re4 Be6 17. Nd2 g5 18. Be3 Bf6 19. Qxf3 Kg7 20. h4 h6 21. Bc4 Qd6 22. hxg5 hxg5 23. Rxe6 fxe6 24. Ne4 Qe7 25. Ra1 a4 26. Bxg5 Bxg5 27. Qg4 1-0

[Event "CP-2012-P-00032"]
[Site "LSS email"]
[Date "2012.10.01"]
[Round "?"]
[White "Ezhov, Sergey"]
[Black "Ballero, Andrea"]
[Result "0-1"]
[WhiteElo "675"]
[BlackElo "1536"]
[PlyCount "35"]
[EventDate "2012.10.05"]
[EventType "tourn (corr)"]
[EventRounds "6"]
[EventCountry "GER"]
[SourceTitle "Corr 2015"]
[Source "ChessBase"]
[SourceDate "2015.07.17"]
[SourceVersion "1"]
[SourceVersionDate "2015.07.17"]
[SourceQuality "1"]

1. e4 c6 2. d4 d5 3. Nd2 dxe4 4. Nxe4 Bf5 5. Ng3 Bg6 6. Nf3 Nd7 7. h4 h6 8. h5 Bh7 9. Bd3 Bxd3 10. Qxd3 e6 11. Bf4 Qa5+ 12. Bd2 Bb4 13. c3 Be7 14. c4 Qc7 15. 0-0 Ngf6 16. Qe2 0-0 17. Ne5 Nxe5 18. dxe5 0-1